Las piedras de Chihaya 1: el hilo del karma (Registro nro. 13554)
[ vista simple ]
| 000 -Cabecera | |
|---|---|
| Campo de control de longitud fija | 00659nam a22002657a 4500 |
| 005 - Fecha y hora de la última transacción | |
| Campo de control | 20250529150754.0 |
| 008 - Elementos de longitud fija--Información general | |
| Campo de control de longitud fija | 230505b2015 |||||||| |||| 00| 0 spa d |
| 020 ## - International Standard Book Number | |
| Número Internacional Estándar del Libro (ISBN) | 9789586829984 |
| 020 ## - International Standard Book Number | |
| Número Internacional Estándar del Libro (ISBN) | 9788494117350 |
| 041 ## - Idioma | |
| Código de idioma | Español |
| 082 ## - Clasificación Decimal Dewey | |
| Número de clasificación | 895.6 V422p |
| 100 ## - Entrada principal--Autor personal | |
| Nombre personal | Vega Esteban, Sergio |
| 245 ## - Título propiamente dicho | |
| Título | Las piedras de Chihaya 1: el hilo del karma |
| 260 ## - Pie de imprenta | |
| Lugar de publicación, distribución, etc. | España |
| 260 ## - Pie de imprenta | |
| Nombre del editor, distribuidor, etc. | Quaterni |
| 260 ## - Pie de imprenta | |
| Fecha de publicación, distribución, etc. | 2013 |
| 300 ## - Descripción física | |
| Extensión | 535 páginas |
| 440 ## - Declaración de serie/asiento adicional--título | |
| Título de la serie | Las piedras de Chihaya |
| 650 ## - Materia general | |
| Temática (materia general) | LITERATURA JAPONESA |
| 650 ## - Materia general | |
| Temática (materia general) | NOVELA HISTÓRICA |
| 650 ## - Materia general | |
| Temática (materia general) | NOVELA DE AVENTURA |
| 650 ## - Materia general | |
| Temática (materia general) | SAMURÁIS |
| 650 ## - Materia general | |
| Temática (materia general) | NINJAS |
| 942 ## - Punto de acceso adicional KOHA | |
| Tipo de ítem KOHA | Literatura |
| Fuente del sistema de clasificación o colocación | Dewey Decimal Classification |
| Signatura completa | Código de barras | Tipo de ítem |
|---|---|---|
| 895.6 V422p | 25722 | Literatura |
| 895.6 V422p | 25721 | Literatura |
| 895.6 V422p | 25723 | Literatura |
| 895.6 V422p | 25724 | Literatura |